Statistics for Category Elimination: Singers

Click here to take the quiz!

General Stats

  • This quiz has been taken 166 times
  • The average score is 5 of 5

Answer Stats

Answers PossibleHintAnswer% Correct
7Won more than 10 grammysYes
100%
6Younger than 47Yes
100%
3Have blue eyesYes
91%
2Has more than 10 albumsYes
89%
1Is femaleYes
89%

Score Distribution

Percentile by Number Answered

Percent of People with Each Score

Your Score History

You have not taken this quiz